Studies in the pollen Biology of certain cultivated malvaceae (Record no. 366839)
[ view plain ]
| 000 -LEADER | |
|---|---|
| fixed length control field | 004900000a22001690004500 |
| 005 - DATE AND TIME OF LATEST TRANSACTION | |
| control field | 20250903143944.0 |
| 020 ## - INTERNATIONAL STANDARD BOOK NUMBER | |
| International Standard Book Number | 0880652276 |
| 082 ## - DEWEY DECIMAL CLASSIFICATION NUMBER | |
| Classification number | 582.046 3072 ADV.09 |
| 100 ## - MAIN ENTRY--PERSONAL NAME | |
| Personal name | Divya, Srivastava |
| 245 ## - TITLE STATEMENT | |
| Title | Studies in the pollen Biology of certain cultivated malvaceae |
| 260 ## - PUBLICATION, DISTRIBUTION, ETC. (IMPRINT) | |
| Place of publication, distribution, etc. | New Delhi, Today & Tomorrow s printers & Publishers |
| 260 ## - PUBLICATION, DISTRIBUTION, ETC. (IMPRINT) | |
| Date of publication, distribution, etc. | 1982 |
| 300 ## - PHYSICAL DESCRIPTION | |
| Extent | 165 |
| 490 ## - SERIES STATEMENT | |
| Series statement | Advances in pollen spore Research Vol.IX |
| 650 ## - SUBJECT ADDED ENTRY--TOPICAL TERM | |
| Topical term or geographic name as entry element | Pollen Biology / Malvaceae/ |
| 942 ## - ADDED ENTRY ELEMENTS (KOHA) | |
| Koha item type | Books (General) |
| Withdrawn status | Lost status | Damaged status | Not for loan | Collection code | Home library | Current library | Shelving location | Date acquired | Cost, normal purchase price | Total Checkouts | Full call number | Barcode | Date last seen | Price effective from | Koha item type |
|---|---|---|---|---|---|---|---|---|---|---|---|---|---|---|---|
| Reference Book | College of Agriculture, Vellayani | College of Agriculture, Vellayani | Reference | 02/05/2014 | 75.00 | 582.046 3072 ADV.09 | KAU_COAV-21399 | 02/05/2014 | 02/05/2014 | Reference Book |
